Statistics for Countries with Best Healthcare systems

Click here to take the quiz!

General Stats

  • This quiz has been taken 113 times
  • The average score is 14 of 20

Answer Stats

HintAnswer% Correct
#1France
93%
18United Kingdom
92%
11Norway
90%
2Italy
89%
7Spain
89%
10Japan
88%
20Switzerland
83%
9Austria
81%
17Netherlands
78%
19Ireland
77%
12Portugal
77%
16Luxembourg
74%
15Iceland
71%
6Singapore
67%
13Monaco
66%
14Greece
65%
4Andorra
58%
3San Marino
56%
5Malta
46%
8Oman
7%

Score Distribution

Percentile by Number Answered

Percent of People with Each Score

Your Score History

You have not taken this quiz